ARRUPE JESUIT UNIVERSITY

CORONAVIRUS -STOP THE SPREAD - CLEAN,DISINFECT,COVER

Freedom, virtue and the common good (Record no. 14901)

MARC details
000 -LEADER
fixed length control field 00609nam a2200205Ia 4500
003 - CONTROL NUMBER IDENTIFIER
control field 0100
008 - FIXED-LENGTH DATA ELEMENTS--GENERAL INFORMATION
fixed length control field 130303s9999 xx 000 0 und d
020 ## - INTERNATIONAL STANDARD BOOK NUMBER
International Standard Book Number 268009929
040 ## - CATALOGING SOURCE
Transcribing agency ARRUPELIB
050 ## - LIBRARY OF CONGRESS CALL NUMBER
Classification number BJ1531.F74 1994
300 ## - PHYSICAL DESCRIPTION
Other physical details 374 p. 24 cm
245 ## - TITLE STATEMENT
Title Freedom, virtue and the common good
260 ## - PUBLICATION, DISTRIBUTION, ETC. (IMPRINT)
Place of publication, distribution, etc Indiana
260 ## - PUBLICATION, DISTRIBUTION, ETC. (IMPRINT)
Name of publisher, distributor, etc American Maritain Association
260 ## - PUBLICATION, DISTRIBUTION, ETC. (IMPRINT)
-- 1995
300 ## - PHYSICAL DESCRIPTION
Extent xi
440 ## - SERIES STATEMENT/ADDED ENTRY--TITLE
Title American Maritain Association publications
700 ## - ADDED ENTRY--PERSONAL NAME
Personal name ed.by Curtis L. Hancock Anthony O. Simon, with epilogue by Michael Novak , Hancock, Curtis L.Simon, Anthony O
942 00 - ADDED ENTRY ELEMENTS (KOHA)
Koha issues (borrowed), all copies 1
Holdings
Withdrawn status Lost status Source of classification or shelving scheme Damaged status Not for loan Collection code Home library Current library Shelving location Date acquired Total Checkouts Full call number Barcode Date last seen Date checked out Copy number Price effective from Koha item type
    Library of Congress Classification     Main Collection ARRUPE LIBRARY ARRUPE LIBRARY   04/03/2013 4 BJ1531.F74 1994 46003015427 22/09/2016 09/09/2015 1 04/03/2013 Monograph ( Printed materials)

 

Arrupe Library. PO Box MP320 Mt Pleasant, Harare, Zimbabwe
263 242 745411|librarian@aju.ac.zw